[Event "Sardegna Regional-ch"]
[Site "Cagliari"]
[Date "2015.06.02"]
[Round "5"]
[White "Altea, Luca"]
[Black "Rocchiccioli, Francesco"]
[Result "1-0"]
[WhiteElo "1415"]
[BlackElo "1380"]
[PlyCount "111"]
[EventDate "2015.05.30"]
[EventType "swiss"]
[EventRounds "6"]
[EventCountry "ITA"]
[SourceTitle "EXT 2017"]
[Source "ChessBase"]
[SourceDate "2016.10.25"]
[SourceVersion "1"]
[SourceVersionDate "2016.10.25"]
[SourceQuality "1"]

1. e4 e5 2. Nf3 Nc6 3. Bb5 d6 4. d4 Bd7 5. dxe5 dxe5 6. Bxc6 Bxc6 7. 0-0 Bd6 8. Nc3 Nf6 9. Qe2 0-0 10. Rd1 Qe7 11. a3 Rad8 12. Bd2 a6 13. b4 Bb5 14. Nxb5 axb5 15. Bg5 c6 16. Re1 Rfe8 17. Rad1 h6 18. Bh4 Rd7 19. Bg3 Qe6 20. Nh4 Red8 21. Nf5 Bf8 22. Rxd7 Rxd7 23. Bh4 Kh8 24. Qf3 b6 25. Nxh6 Nxe4 26. Nxf7+ Rxf7 27. Qh5+ Kg8 28. Rxe4 Qa2 29. Qe2 Qb1+ 30. Qe1 Qxc2 31. Rxe5 Rd7 32. Qf1 Rd1 33. Re1 Rxe1 34. Qxe1 Qa2 35. g3 Qxa3 36. Qe6+ Kh8 37. Qxc6 Qxb4 38. Qxb6 Qe1+ 39. Kg2 Qe4+ 40. f3 Qc2+ 41. Qf2 Qxf2+ 42. Kxf2 b4 43. Ke2 b3 44. Kd2 b2 45. Kc2 Ba3 46. Bg5 Kh7 47. Bd2 Kg6 48. Bc3 Kf7 49. Bxb2 Bxb2 50. Kxb2 g5 51. Kc2 Kf6 52. Kd3 Kf5 53. Ke3 g4 54. fxg4+ Kxg4 55. Kf2 Kh3 56. Kf3 1-0

[Event "Sardegna Regional-ch"]
[Site "Cagliari"]
[Date "2015.06.02"]
[Round "6"]
[White "Rocchiccioli, Francesco"]
[Black "Caredda, Giuseppe"]
[Result "1/2-1/2"]
[WhiteElo "1380"]
[BlackElo "1486"]
[PlyCount "170"]
[EventDate "2015.05.30"]
[EventType "swiss"]
[EventRounds "6"]
[EventCountry "ITA"]
[SourceTitle "EXT 2017"]
[Source "ChessBase"]
[SourceDate "2016.10.25"]
[SourceVersion "1"]
[SourceVersionDate "2016.10.25"]
[SourceQuality "1"]

1. e4 e5 2. Nf3 Nc6 3. Bc4 Nf6 4. Nc3 Bc5 5. d3 d6 6. h3 0-0 7. Bg5 h6 8. Be3 Bxe3 9. fxe3 Qe7 10. Qe2 Na5 11. Bd5 c6 12. Bb3 Nxb3 13. cxb3 b5 14. a3 a5 15. 0-0 Be6 16. b4 axb4 17. axb4 Qb7 18. d4 Bc4 19. Qd1 Bxf1 20. Qxf1 Rxa1 21. Qxa1 Ra8 22. Qb1 Nd7 23. Qd1 f6 24. d5 c5 25. Qb3 c4 26. Qd1 Qb6 27. Qe1 Qa6 28. Kh2 Nb6 29. Qg3 Qc8 30. Nxb5 Qd7 31. Nc3 Na4 32. Nh4 Kh8 33. Nf5 Nxc3 34. bxc3 Kh7 35. h4 Rg8 36. h5 g6 37. hxg6+ Rxg6 38. Qh4 Qd8 39. b5 Qd7 40. b6 Qb7 41. Nxd6 Qxb6 42. Nxc4 Qb3 43. Nd6 Qc2 44. Qh3 Qf2 45. Nf5 Qe2 46. d6 Qg4 47. Qxg4 Rxg4 48. d7 Rg8 49. Nd6 Rd8 50. Ne8 Kg6 51. c4 Rxd7 52. c5 Rd8 53. Nd6 Rd7 54. Nb5 Rb7 55. Nd6 Rc7 56. Nf5 Rxc5 57. Nh4+ Kh5 58. Kh3 Kg5 59. Nf3+ Kg6 60. Kg4 Rc4 61. Nh4+ Kf7 62. Kf3 Rc1 63. Kg4 Rc8 64. Nf5 Rg8+ 65. Kf3 Rg6 66. Nd6+ Ke6 67. Nf5 h5 68. Nh4 Rg5 69. g3 Kf7 70. Kg2 Ke8 71. Kf3 Kd7 72. Nf5 Kc6 73. Nh6 Kc5 74. g4 hxg4+ 75. Nxg4 f5 76. exf5 Rxf5+ 77. Ke4 Rh5 78. Nxe5 Rh4+ 79. Kf5 Rh5+ 80. Kf6 Kd5 81. Ng4 Ke4 82. Kg6 Ra5 83. Kf6 Ra3 84. Kg5 Rxe3 85. Nxe3 Kxe3 1/2-1/2